Normal view
MARC view
- القانون المدني -- المحاكم المدنية -- المحاكمات
Entry Topical Term
001 - CONTROL NUMBER
- control field: 46460
003 - CONTROL NUMBER IDENTIFIER
- control field: JO-AjAnu
005 - DATE AND TIME OF LATEST TRANSACTION
- control field: 20230606081658.0
008 - FIXED-LENGTH DATA ELEMENTS
- fixed length control field: 230606|| aca||aabn | a|a d
040 ## - CATALOGING SOURCE
- Original cataloging agency: JO-AjAnu
- Transcribing agency: JO-AjAnu
150 ## - HEADING--TOPICAL TERM
- Topical term or geographic name entry element: القانون المدني -- المحاكم المدنية -- المحاكمات
670 ## - SOURCE DATA FOUND
- Source citation: Work cat.: (JO-AjAnu)23781: الزعبي، عوض أحمد , author 46459, أصول المحاكمات المدنية التنظيم القضائي : الاختصاص ، التقاضي ، الأحكام وطرق الطعن " دراسة مقارنة " / الجزء الأول ، التنظيم القضائي ، الاختصاص